Millennium Prize Problems - Statistics

General Stats
  • This quiz has been taken 6 times
  • The average score is 4 of 7
Answer Stats
Status Field Problem Name % Correct
Unsolved Computer Science P vs NP
100%
Unsolved Fluid Mechanics Navier–Stokes Existence and Smoothness
75%
Solved Topology Poincaré Conjecture
75%
Unsolved Number Theory Riemann Hypothesis
50%
Unsolved Number Theory Birch and Swinnerton-Dyer Conjecture
25%
Unsolved Algebraic Geometry Hodge Conjecture
25%
Unsolved Quantum Physics Yang–Mills Existence and Mass Gap
25%
No matching quizzes found
Score Distribution
Percent of People with Each Score
Percentile by Number Answered
Your Score History
You have not taken this quiz